[Event "Ayrshire & Arran Chess Congress"]
[Site "Ayr"]
[Date "2014.05.24"]
[Round "2"]
[White "Edwards, Jonathan"]
[Black "Livingstone, Jonathan"]
[Result "1-0"]
[WhiteElo "1994"]
[BlackElo "1656"]
[PlyCount "89"]
[EventDate "2014.05.04"]
[EventType "swiss"]
[EventRounds "5"]
[EventCountry "SCO"]

1. Nf3 Nc6 2. e4 e5 3. Bb5 Bc5 4. O-O Nge7 5. c3 Bb6 6. d4 exd4 7. cxd4 Ng6 8.
Nc3 a6 9. Ba4 O-O 10. Bg5 f6 11. Be3 d6 12. h3 Bd7 13. Bb3+ Kh8 14. Nd5 Ba7 15.
Rc1 Rc8 16. Bc2 Nce7 17. Nc3 Be6 18. Bb1 Qd7 19. d5 Bxh3 20. gxh3 Qxh3 21. Bxa7
Nf4 22. Ne1 Qh4 23. Qf3 Nh3+ 24. Kg2 Nf4+ 25. Kg1 Nh3+ 26. Qxh3 Qxh3 27. Be3 f5
28. Ng2 Ng6 29. exf5 Ne5 30. f3 Nxf3+ 31. Kf2 Nh2 32. Rh1 Qf3+ 33. Kg1 Ng4 34.
Rf1 Qxg2+ 35. Kxg2 Nxe3+ 36. Kg3 Nxf1+ 37. Rxf1 Rce8 38. Rc1 Rf7 39. a4 Re5 40.
a5 g6 41. fxg6 hxg6 42. Kg4 Rf2 43. b4 Rb2 44. b5 axb5 45. Ne4 1-0

[Event "Ayrshire & Arran Chess Congress"]
[Site "Ayr"]
[Date "2014.05.24"]
[Round "2"]
[White "Berry, Neil M"]
[Black "Tsang, Sai Kong"]
[Result "1-0"]
[WhiteElo "2242"]
[BlackElo "1856"]
[PlyCount "61"]
[EventDate "2014.05.04"]
[EventType "swiss"]
[EventRounds "5"]
[EventCountry "SCO"]

1. d4 Nf6 2. c4 g6 3. Nc3 d5 4. Nf3 Bg7 5. cxd5 Nxd5 6. e4 Nxc3 7. bxc3 c5 8.
Rb1 O-O 9. Be2 Nc6 10. d5 Bxc3+ 11. Bd2 Bxd2+ 12. Qxd2 Nd4 13. Nxd4 cxd4 14.
Qxd4 Qa5+ 15. Qd2 Qxd2+ 16. Kxd2 Rd8 17. Ke3 b6 18. Rbc1 Bd7 19. Rc7 Kf8 20.
Rhc1 Ke8 21. Ba6 Ba4 22. R1c4 Bd7 23. f4 f6 24. e5 fxe5 25. fxe5 Bf5 26. Bb7
Rab8 27. Bc6+ Kf8 28. g4 Bb1 29. Rxa7 g5 30. Rc1 Bg6 31. Rf1+ 1-0

[Event "Ayrshire & Arran Chess Congress"]
[Site "Ayr"]
[Date "2014.05.24"]
[Round "2"]
[White "Thomas, Daniel R"]
[Black "Oswald, David C"]
[Result "0-1"]
[WhiteElo "1758"]
[BlackElo "2148"]
[PlyCount "72"]
[EventDate "2014.05.04"]
[EventType "swiss"]
[EventRounds "5"]
[EventCountry "SCO"]

1. d4 Nc6 2. c4 e5 3. d5 Nce7 4. e3 Ng6 5. Bd3 Bc5 6. Nf3 d6 7. Bxg6 hxg6 8.
Nbd2 a5 9. Ne4 Ba7 10. Bd2 f5 11. Ng3 g5 12. Qc2 g6 13. Bxa5 g4 14. Nxe5 dxe5
15. Bc3 Qe7 16. Qa4+ Bd7 17. Qa5 b6 18. Qa6 Nf6 19. Qb7 O-O 20. Qxc7 Bb8 21.
Qxb6 Bd6 22. O-O Rfb8 23. Qxb8+ Rxb8 24. b3 Kf7 25. f3 Bc5 26. Rfe1 gxf3 27.
gxf3 f4 28. Nf1 Bh3 29. Kh1 Bxf1 30. exf4 e4 31. Rxf1 e3 32. Rfe1 Bd6 33. Re2
Nh5 34. Rae1 Bxf4 35. Rg1 Qh4 36. Reg2 Qh3 0-1

[Event "Ayrshire & Arran Chess Congress"]
[Site "Ayr"]
[Date "2014.05.24"]
[Round "2"]
[White "Wynarczyk, Raymond"]
[Black "Marks, Ian"]
[Result "1-0"]
[WhiteElo "1968"]
[BlackElo "2040"]
[PlyCount "61"]
[EventDate "2014.05.04"]
[EventType "swiss"]
[EventRounds "5"]
[EventCountry "SCO"]

1. e4 e6 2. d4 d5 3. Nc3 Bb4 4. e5 Ne7 5. Bd2 b6 6. a3 Bxc3 7. Bxc3 Ba6 8. Bxa6
Nxa6 9. Qd3 Qc8 10. b4 c5 11. bxc5 bxc5 12. Nf3 O-O 13. Ng5 Ng6 14. h4 h6 15.
h5 c4 16. Qg3 Ne7 17. Nf3 Nc7 18. Bb4 Re8 19. Qf4 a5 20. Bd2 Qb7 21. g4 Qb2 22.
Rc1 Qxa3 23. g5 Nf5 24. gxh6 gxh6 25. Nh4 Qf8 26. Nxf5 exf5 27. Rg1+ Kh8 28.
Qxf5 f6 29. Rg6 Qe7 30. Rxh6+ Kg8 31. Qg4+ 1-0

[Event "Ayrshire & Arran Chess Congress"]
[Site "Ayr"]
[Date "2014.05.24"]
[Round "2"]
[White "Grant, Alan G"]
[Black "Koehn, Lennart"]
[Result "1/2-1/2"]
[WhiteElo "2122"]
[BlackElo "1678"]
[PlyCount "70"]
[EventDate "2014.05.04"]
[EventType "swiss"]
[EventRounds "5"]
[EventCountry "SCO"]

1. Nf3 Nf6 2. c4 c5 3. g3 g6 4. Bg2 Bg7 5. d4 O-O 6. Nc3 cxd4 7. Nxd4 Nc6 8.
O-O Nxd4 9. Qxd4 d6 10. Qd3 Nd7 11. b3 Nc5 12. Qd2 Bd7 13. Bb2 Bc6 14. e4 f5
15. Rfe1 fxe4 16. Nxe4 Bxb2 17. Nxc5 Bxa1 18. Ne6 Qb6 19. Nxf8 Rxf8 20. Rxa1
Bxg2 21. Kxg2 Qc6+ 22. Kg1 Qf3 23. Re1 Rf7 24. Re3 Qf5 25. Qe2 Kf8 26. Kg2 a6
27. Rd3 Rf6 28. Rd5 Qe6 29. Qc2 Rf5 30. Qd3 Rxd5 31. cxd5 Qe5 32. a4 Qf5 33.
Qd4 Kg8 34. a5 Qc8 35. b4 Qd7 1/2-1/2

[Event "Ayrshire & Arran Chess Congress"]
[Site "Ayr"]
[Date "2014.05.24"]
[Round "2"]
[White "Will, Douglas"]
[Black "McPheator, Gary"]
[Result "1-0"]
[WhiteElo "1912"]
[BlackElo "1690"]
[PlyCount "73"]
[EventDate "2014.05.04"]
[EventType "swiss"]
[EventRounds "5"]
[EventCountry "SCO"]

1. e4 c5 2. Nc3 e6 3. f4 Nc6 4. Nf3 a6 5. g3 d5 6. Bg2 dxe4 7. Nxe4 Nf6 8.
Nxf6+ Qxf6 9. O-O Bd6 10. d3 O-O 11. Kh1 Rb8 12. Ng5 Qg6 13. Ne4 Be7 14. Be3
Nd4 15. c3 Nf5 16. Bf2 b6 17. Bf3 h6 18. Bh5 Qh7 19. g4 Nd6 20. Nxd6 Bxd6 21.
Bh4 g6 22. Bf6 gxh5 23. f5 h4 24. Qd2 Re8 25. Rae1 Rb7 26. g5 Rd7 27. gxh6 Be7
28. Qg5+ Kf8 29. Bg7+ Kg8 30. Bf6+ Kf8 31. fxe6 Bb7+ 32. Kg1 Bxf6 33. exd7 Rd8
34. Qxf6 Rxd7 35. Re3 Qg8+ 36. Kf2 Qg6 37. Qh8+ 1-0

[Event "Ayrshire & Arran Chess Congress"]
[Site "Ayr"]
[Date "2014.05.24"]
[Round "2"]
[White "Thomson, Neil"]
[Black "Pannwitz, Kai"]
[Result "1-0"]
[WhiteElo "1836"]
[BlackElo "1656"]
[PlyCount "51"]
[EventDate "2014.05.04"]
[EventType "swiss"]
[EventRounds "5"]
[EventCountry "SCO"]

1. e4 c5 2. Nf3 d6 3. d4 cxd4 4. Nxd4 Nf6 5. Nc3 a6 6. Bc4 e6 7. Bb3 b5 8. O-O
Be7 9. Qf3 Qc7 10. Qg3 O-O 11. Bh6 Ne8 12. Kh1 Kh8 13. Bg5 Nf6 14. f4 b4 15.
Bxf6 Bxf6 16. Nce2 Bb7 17. Qe3 Qc5 18. Rf3 e5 19. Nf5 exf4 20. Qxc5 dxc5 21.
Nd6 Bc6 22. Nxf7+ Kg8 23. Ne5+ Kh8 24. Ng6+ hxg6 25. Rh3+ Bh4 26. Rxh4# 1-0

[Event "Ayrshire & Arran Chess Congress"]
[Site "Ayr"]
[Date "2014.05.24"]
[Round "3"]
[White "Mannion, Stephen R"]
[Black "Roberts, Paul E"]
[Result "1/2-1/2"]
[WhiteElo "2370"]
[BlackElo "2166"]
[PlyCount "41"]
[EventDate "2014.05.04"]
[EventType "swiss"]
[EventRounds "5"]
[EventCountry "SCO"]

1. e4 c5 2. Nf3 e6 3. d4 cxd4 4. Nxd4 a6 5. c4 Nf6 6. Nc3 Qc7 7. Bd3 d6 8. O-O
g6 9. Nf3 Bg7 10. Bf4 Nh5 11. Bd2 O-O 12. Re1 Nc6 13. Rc1 b6 14. b3 Bb7 15. Be3
Bxc3 16. Rxc3 e5 17. Bh6 Ng7 18. a3 a5 19. Qd2 Bc8 20. h3 Rd8 21. Rcc1 1/2-1/2

[Event "Ayrshire & Arran Chess Congress"]
[Site "Ayr"]
[Date "2014.05.24"]
[Round "3"]
[White "Wynarczyk, Raymond"]
[Black "Turner, Matthew"]
[Result "0-1"]
[WhiteElo "1968"]
[BlackElo "2530"]
[PlyCount "68"]
[EventDate "2014.05.04"]
[EventType "swiss"]
[EventRounds "5"]
[EventCountry "SCO"]

1. e4 c5 2. Nf3 g6 3. d4 cxd4 4. Nxd4 Bg7 5. Nc3 Nc6 6. Be3 Nf6 7. Bc4 O-O 8.
Bb3 Qa5 9. O-O d6 10. h3 Bd7 11. Qd2 Nxd4 12. Qxd4 Rfc8 13. Qd2 Rxc3 14. Qxc3
Qxc3 15. bxc3 Nxe4 16. Bd4 Nxc3 17. Bxg7 Kxg7 18. Rfe1 e6 19. Re3 Rc8 20. a4 a5
21. f4 d5 22. g4 Kf6 23. Kf2 Ke7 24. Rd3 b5 25. axb5 Bxb5 26. Rd4 a4 27. Ba2
Ne4+ 28. Kg1 Rxc2 29. Bb1 Rc1+ 30. Kh2 Nc3 31. Rb4 Bd3 32. Raxa4 Nxa4 33. Rb7+
Kf6 34. Bxd3 Nc5 0-1

[Event "Ayrshire & Arran Chess Congress"]
[Site "Ayr"]
[Date "2014.05.24"]
[Round "3"]
[White "White, Stuart A"]
[Black "Sreeves, Clement"]
[Result "1/2-1/2"]
[WhiteElo "1930"]
[BlackElo "2248"]
[PlyCount "74"]
[EventDate "2014.05.04"]
[EventType "swiss"]
[EventRounds "5"]
[EventCountry "SCO"]

1. d4 Nf6 2. c4 g6 3. Nc3 d5 4. cxd5 Nxd5 5. e4 Nxc3 6. bxc3 Bg7 7. Qa4+ Nd7 8.
Nf3 O-O 9. Be3 c5 10. Rc1 e6 11. Be2 b6 12. Bb5 a6 13. Bc6 Ra7 14. Bf4 Qe7 15.
O-O e5 16. Bg5 Bf6 17. Bxf6 Qxf6 18. Rfd1 Qe7 19. Qc2 exd4 20. cxd4 cxd4 21.
Rxd4 Nc5 22. Qb1 Qc7 23. Bd5 Bb7 24. Rcd1 Bxd5 25. exd5 Qd6 26. Nd2 b5 27. Qb4
Re8 28. Ne4 Rxe4 29. Rxe4 Nxe4 30. Qxe4 Re7 31. Qd4 Re5 32. g3 h5 33. h4 Re8
34. Rc1 Rd8 35. Rd1 Rc8 36. Re1 Rd8 37. Rd1 Rc8 1/2-1/2

[Event "Ayrshire & Arran Chess Congress"]
[Site "Ayr"]
[Date "2014.05.24"]
[Round "3"]
[White "Oswald, David C"]
[Black "Robinson, Stephen"]
[Result "1-0"]
[WhiteElo "2148"]
[BlackElo "1802"]
[PlyCount "101"]
[EventDate "2014.05.04"]
[EventType "swiss"]
[EventRounds "5"]
[EventCountry "SCO"]

1. e4 e6 2. d4 d5 3. Nd2 Nf6 4. e5 Nfd7 5. f4 c5 6. c3 Nc6 7. Ndf3 Be7 8. a3
cxd4 9. cxd4 a5 10. Bd3 g6 11. b3 Nb6 12. Ne2 a4 13. b4 Nc4 14. Qc2 b5 15. h4
Bxb4+ 16. axb4 Nxb4 17. Qd1 Qa5 18. O-O Nxd3 19. Qxd3 b4 20. Ng5 h6 21. Nxf7
Kxf7 22. h5 Rg8 23. hxg6+ Rxg6 24. f5 exf5 25. Rxf5+ Bxf5 26. Qxf5+ Kg7 27. Nf4
Qb6 28. Qd7+ Kh8 29. Qxd5 Rc8 30. Rxa4 Rg5 31. Ra8 Rxa8 32. Qxa8+ Kg7 33. Qd5
Rxe5 34. Qxc4 Re4 35. Ne2 Rxe2 36. Qxe2 Qxd4+ 37. Be3 Qa1+ 38. Kh2 Qe5+ 39. g3
Kg6 40. Qd3+ Kf7 41. Qh7+ Ke6 42. Qxh6+ Qf6 43. Qxf6+ Kxf6 44. Kh3 Kg6 45. Kg4
b3 46. Bd4 Kh7 47. Kf5 Kg8 48. g4 Kf8 49. g5 Kg8 50. Kg6 Kf8 51. Kh7 1-0

[Event "Ayrshire & Arran Chess Congress"]
[Site "Ayr"]
[Date "2014.05.24"]
[Round "3"]
[White "Groves, Carey A"]
[Black "Berry, Neil M"]
[Result "0-1"]
[WhiteElo "1930"]
[BlackElo "2242"]
[PlyCount "76"]
[EventDate "2014.05.04"]
[EventType "swiss"]
[EventRounds "5"]
[EventCountry "SCO"]

1. Nf3 d5 2. g3 Nf6 3. Bg2 c6 4. d4 Bg4 5. Ne5 Bf5 6. Nd2 e6 7. Ndf3 h6 8. c3
Be7 9. O-O O-O 10. Re1 Nbd7 11. Qb3 Qb6 12. Nxd7 Nxd7 13. Nd2 e5 14. Qxb6 axb6
15. e4 dxe4 16. Nxe4 exd4 17. cxd4 Bxe4 18. Bxe4 Bb4 19. Rd1 Nf6 20. Bf3 Rfd8
21. Be3 Nd5 22. a3 Be7 23. Rac1 b5 24. Rd3 f5 25. b4 Kf7 26. Rcd1 Rd7 27. Bc1
Bf6 28. Bh5+ g6 29. Bf3 g5 30. h3 Rad8 31. Kf1 Kg6 32. Kg1 h5 33. Kf1 g4 34.
hxg4 hxg4 35. Bg2 Bg5 36. Bxg5 Kxg5 37. f3 f4 38. fxg4 Ne3+ 0-1

[Event "Ayrshire & Arran Chess Congress"]
[Site "Ayr"]
[Date "2014.05.24"]
[Round "3"]
[White "Abdulla, Murad"]
[Black "Giulian, Philip M"]
[Result "1/2-1/2"]
[WhiteElo "1834"]
[BlackElo "2174"]
[PlyCount "48"]
[EventDate "2014.05.04"]
[EventType "swiss"]
[EventRounds "5"]
[EventCountry "SCO"]

1. e4 c6 2. d4 d5 3. Nc3 dxe4 4. Nxe4 Nd7 5. Ng5 e6 6. N1f3 Ngf6 7. h4 h6 8.
Nh3 Bd6 9. Bd3 b6 10. Bf4 Bxf4 11. Nxf4 Qc7 12. Qd2 Bb7 13. O-O-O O-O-O 14.
Rhe1 c5 15. Ne5 Nxe5 16. dxe5 Nd5 17. Nxd5 Bxd5 18. Qf4 Qe7 19. a3 g5 20. hxg5
Qxg5 21. Qxg5 hxg5 22. f3 Rh2 23. Re2 c4 24. Be4 Bxe4 1/2-1/2

[Event "Ayrshire & Arran Chess Congress"]
[Site "Ayr"]
[Date "2014.05.24"]
[Round "3"]
[White "Jelfs, Alan"]
[Black "Edwards, Jonathan"]
[Result "0-1"]
[WhiteElo "1922"]
[BlackElo "1994"]
[PlyCount "104"]
[EventDate "2014.05.04"]
[EventType "swiss"]
[EventRounds "5"]
[EventCountry "SCO"]

1. d4 d6 2. c4 g6 3. Nc3 Bg7 4. e4 Nc6 5. Be3 e5 6. d5 Nd4 7. Nge2 Nf6 8. Nxd4
exd4 9. Bxd4 O-O 10. f3 c5 11. dxc6 bxc6 12. Be2 Rb8 13. Rb1 c5 14. Bf2 Nh5 15.
g3 Rxb2 16. Rxb2 Bxc3+ 17. Rd2 Qg5 18. Qc2 Ba5 19. Kd1 Bxd2 20. Qxd2 Qf6 21.
Kc2 Bd7 22. Qc3 Ba4+ 23. Kd2 Qe6 24. Rb1 Re8 25. Rb7 Qh3 26. Be3 Qxh2 27. Bh6
Qxg3 28. Qb2 Qh2 29. Rxa7 Bc6 30. Rc7 Ba8 31. Re7 Nf6 32. Qxf6 Qxh6+ 33. Kd3
Rxe7 34. Qxe7 Qf8 35. Qxf8+ Kxf8 36. a4 Ke7 37. a5 Kd7 38. Ke3 Kc7 39. Kf4 f6
40. Bf1 Bc6 41. Bh3 Bd7 42. Bf1 Kb7 43. Ke3 g5 44. f4 gxf4+ 45. Kxf4 Ka6 46.
Kg3 Kxa5 47. Kh4 Kb4 48. Kh5 Be6 49. Kh6 Bxc4 50. Bg2 Bd3 51. Kxh7 d5 52. Kg7
Bxe4 0-1

[Event "Ayrshire & Arran Chess Congress"]
[Site "Ayr"]
[Date "2014.05.24"]
[Round "3"]
[White "Thomson, Neil"]
[Black "Will, Douglas"]
[Result "1-0"]
[WhiteElo "1836"]
[BlackElo "1912"]
[PlyCount "95"]
[EventDate "2014.05.04"]
[EventType "swiss"]
[EventRounds "5"]
[EventCountry "SCO"]

1. e4 e5 2. Nf3 Nc6 3. Bb5 f5 4. d3 Nf6 5. O-O Bc5 6. exf5 O-O 7. Bg5 d6 8.
Bxc6 bxc6 9. d4 exd4 10. Nxd4 Bxd4 11. Qxd4 Bxf5 12. Qc4+ Kh8 13. Qxc6 Rb8 14.
b3 Qc8 15. Nd2 Rb6 16. Qc4 d5 17. Qc5 Ne4 18. Nxe4 Bxe4 19. f3 Bf5 20. Qxd5
Bxc2 21. Rac1 c6 22. Qd4 Bg6 23. Rfe1 Bf7 24. Re7 Rb7 25. Rce1 Rxe7 26. Rxe7
Qf5 27. h4 Qb1+ 28. Kh2 Qg6 29. Rxa7 h6 30. Bf4 Qh5 31. Be5 Qg6 32. Qd6 Qxd6
33. Bxd6 Rd8 34. Rxf7 Rxd6 35. Rc7 Rd2 36. a4 Rb2 37. Rxc6 Rxb3 38. a5 Ra3 39.
a6 Kh7 40. h5 Kg8 41. Kg3 Ra5 42. Kh4 Ra2 43. g4 Ra3 44. Kg3 Ra1 45. Kf4 Ra2
46. Ke5 Re2+ 47. Kf5 Re8 48. a7 1-0

[Event "Ayrshire & Arran Chess Congress"]
[Site "Ayr"]
[Date "2014.05.24"]
[Round "3"]
[White "Doyle, James"]
[Black "Smith, Peter R"]
[Result "1-0"]
[WhiteElo "1906"]
[BlackElo "1898"]
[PlyCount "71"]
[EventDate "2014.05.04"]
[EventType "swiss"]
[EventRounds "5"]
[EventCountry "SCO"]

1. d4 Nf6 2. c4 c5 3. d5 b5 4. e3 bxc4 5. Bxc4 d6 6. Nc3 g6 7. h3 Bg7 8. Nf3
O-O 9. O-O Nbd7 10. e4 Nb6 11. Be2 Bb7 12. a4 a5 13. Qc2 h6 14. Rd1 Nfd7 15.
Be3 Nb8 16. Qc1 Kh7 17. Nh2 Na6 18. f4 Nb4 19. g4 f5 20. Bf3 Qd7 21. gxf5 gxf5
22. exf5 Bxc3 23. bxc3 N4xd5 24. Bf2 Nf6 25. Qc2 Rg8+ 26. Kh1 Bxf3+ 27. Nxf3
Qc6 28. Qe2 Rg7 29. Kh2 Qe4 30. Qxe4 Nxe4 31. Bh4 Rag8 32. Re1 Rg2+ 33. Kh1
Nf2+ 34. Bxf2 Rxf2 35. Rxe7+ Rg7 36. f6 1-0

[Event "Ayrshire & Arran Chess Congress"]
[Site "Ayr"]
[Date "2014.05.24"]
[Round "3"]
[White "Grant, Alan G"]
[Black "Livingstone, Jonathan"]
[Result "1/2-1/2"]
[WhiteElo "2122"]
[BlackElo "1656"]
[PlyCount "79"]
[EventDate "2014.05.04"]
[EventType "swiss"]
[EventRounds "5"]
[EventCountry "SCO"]

1. e4 d6 2. Nf3 Nf6 3. Nc3 g6 4. Bc4 Bg7 5. h3 O-O 6. d3 c6 7. Bb3 Nbd7 8. a3
e5 9. Bg5 Nc5 10. Ba2 Be6 11. Qd2 a5 12. O-O b5 13. Ne2 Bxa2 14. Rxa2 Ne6 15.
Bh6 Nh5 16. Bxg7 Kxg7 17. d4 Qc7 18. Raa1 Rab8 19. c3 c5 20. dxe5 dxe5 21. Qd5
Rbd8 22. Qxe5+ Qxe5 23. Nxe5 Rd2 24. Ng3 Nxg3 25. fxg3 Rxb2 26. Rfb1 Rxb1+ 27.
Rxb1 Rb8 28. Nc6 Rb6 29. Nxa5 Ng5 30. Nc4 Ra6 31. Rxb5 Nxe4 32. Ra5 Rc6 33. Ne5
Re6 34. Nd3 c4 35. Nb2 Nxg3 36. Nxc4 Ne2+ 37. Kf2 Nxc3 38. Ne3 h5 39. Ra7 h4
40. a4 1/2-1/2

[Event "Ayrshire & Arran Chess Congress"]
[Site "Ayr"]
[Date "2014.05.24"]
[Round "3"]
[White "Koehn, Lennart"]
[Black "Brown, Steven A"]
[Result "1/2-1/2"]
[WhiteElo "1678"]
[BlackElo "1942"]
[PlyCount "53"]
[EventDate "2014.05.04"]
[EventType "swiss"]
[EventRounds "5"]
[EventCountry "SCO"]

1. e4 c5 2. Nf3 Nc6 3. d4 cxd4 4. Nxd4 Nf6 5. Nc3 e5 6. Ndb5 d6 7. Bg5 a6 8.
Na3 b5 9. Nd5 Qa5+ 10. Bd2 Qd8 11. Bg5 Qa5+ 12. Bd2 Qd8 13. Bg5 Be7 14. Bxf6
Bxf6 15. c3 O-O 16. Bd3 Bg5 17. Nc2 Rb8 18. Nce3 g6 19. Qe2 Be6 20. O-O Ne7 21.
a4 Bxd5 22. Nxd5 Nxd5 23. exd5 bxa4 24. Rxa4 a5 25. Rfa1 Qb6 26. R1a2 Bd8 27.
Qc2 1/2-1/2

[Event "Ayrshire & Arran Chess Congress"]
[Site "Ayr"]
[Date "2014.05.24"]
[Round "3"]
[White "Tsang, Sai Kong"]
[Black "Thomas, Daniel R"]
[Result "1-0"]
[WhiteElo "1856"]
[BlackElo "1758"]
[PlyCount "123"]
[EventDate "2014.05.04"]
[EventType "swiss"]
[EventRounds "5"]
[EventCountry "SCO"]

1. g3 d5 2. Bg2 c6 3. b3 e5 4. Bb2 Bd6 5. e3 Nf6 6. Ne2 Bg4 7. h3 Bh5 8. c4
dxc4 9. bxc4 Qb6 10. Qb3 Nbd7 11. Nbc3 Qxb3 12. axb3 Nc5 13. Nc1 O-O 14. O-O e4
15. g4 Bg6 16. Ba3 Rfd8 17. g5 Nfd7 18. b4 Ne6 19. Nxe4 Bxe4 20. Bxe4 Nxg5 21.
Bg2 Ne5 22. f4 Nxh3+ 23. Bxh3 Nxc4 24. Nb3 Nxa3 25. Rxa3 Bxb4 26. Ra2 Rd3 27.
Rb1 g6 28. Bf1 Rd7 29. d4 Re8 30. Kf2 Rde7 31. Re2 b6 32. Nc1 a5 33. Nd3 c5 34.
d5 Rd8 35. Bg2 f6 36. e4 Bc3 37. Kf1 c4 38. Ne1 Bb4 39. Nc2 Bc5 40. e5 fxe5 41.
fxe5 Rf8+ 42. Ke1 Rf5 43. e6 Kf8 44. Ne3 Bb4+ 45. Kd1 Re5 46. Nxc4 Rxe2 47.
Kxe2 b5 48. Ne5 Bd6 49. Nc6 b4 50. Nxe7 Kxe7 51. Kd3 a4 52. Kc4 b3 53. Be4 Kf6
54. Rf1+ Ke5 55. Ra1 h5 56. Rxa4 g5 57. Kxb3 h4 58. Bg2 Kf5 59. Bh3+ Ke5 60.
Kc4 Be7 61. Ra7 Bd6 62. e7 1-0

[Event "Ayrshire & Arran Chess Congress"]
[Site "Ayr"]
[Date "2014.05.24"]
[Round "3"]
[White "Dawson, Alasdair"]
[Black "McPheator, Gary"]
[Result "1-0"]
[WhiteElo "1784"]
[BlackElo "1690"]
[PlyCount "83"]
[EventDate "2014.05.04"]
[EventType "swiss"]
[EventRounds "5"]
[EventCountry "SCO"]

1. d4 Nf6 2. Nf3 e6 3. Bf4 c5 4. e3 cxd4 5. exd4 Qb6 6. Qc1 Nd5 7. Bd2 Nc6 8.
c4 Ndb4 9. a3 Na6 10. Bc3 d5 11. c5 Qd8 12. b4 Nc7 13. b5 Ne7 14. Bd3 g6 15. a4
Bg7 16. h4 h6 17. Qf4 f5 18. Ba5 e5 19. dxe5 Ne6 20. Qd2 b6 21. cxb6 axb6 22.
Bb4 Nc5 23. Bxc5 bxc5 24. O-O O-O 25. Nc3 d4 26. Bc4+ Kh8 27. Ne2 Qc7 28. Nf4
Bxe5 29. Nxe5 Qxe5 30. Rfe1 Qd6 31. Rxe7 g5 32. hxg5 hxg5 33. Nd5 f4 34. Qe2 g4
35. Qe5+ Qxe5 36. Rxe5 Bf5 37. a5 Rae8 38. Rxe8 Rxe8 39. a6 d3 40. Rd1 g3 41.
Nxf4 Bg4 42. f3 1-0

[Event "Ayrshire & Arran Chess Congress"]
[Site "Ayr"]
[Date "2014.05.24"]
[Round "3"]
[White "Marks, Ian"]
[Black "Pannwitz, Kai"]
[Result "1-0"]
[WhiteElo "2040"]
[BlackElo "1656"]
[PlyCount "89"]
[EventDate "2014.05.04"]
[EventType "swiss"]
[EventRounds "5"]
[EventCountry "SCO"]

1. d4 Nf6 2. Nc3 c5 3. d5 d6 4. e4 e6 5. Bb5+ Bd7 6. a4 a6 7. Be2 g6 8. Nf3
exd5 9. exd5 Bg7 10. Nd2 O-O 11. O-O Bc8 12. Nc4 Ne8 13. Bf4 Qf6 14. Qd2 Bf5
15. Bg5 Qd4 16. Qc1 h6 17. Be7 Bf6 18. Bxf8 Kxf8 19. Qxh6+ Bg7 20. Qc1 Nd7 21.
Ne3 Bh6 22. Nxf5 Bxc1 23. Nxd4 Bxb2 24. Rab1 Bxc3 25. Rxb7 Ne5 26. Nc6 Nf6 27.
Nxe5 Bxe5 28. Rfb1 Nxd5 29. Bc4 Ne7 30. Rb8+ Rxb8 31. Rxb8+ Kg7 32. Bxa6 Nc6
33. Rc8 Nb4 34. Bd3 Bd4 35. a5 d5 36. a6 c4 37. Bxc4 dxc4 38. Rxc4 Bxf2+ 39.
Kxf2 Nxa6 40. Ke3 Nb8 41. Kd4 Nd7 42. Rc6 Kf8 43. Kd5 Ke7 44. c4 Nf6+ 45. Rxf6
1-0

[Event "Ayrshire & Arran Chess Congress"]
[Site "Ayr"]
[Date "2014.05.25"]
[Round "4"]
[White "Roberts, Paul E"]
[Black "Turner, Matthew"]
[Result "1/2-1/2"]
[WhiteElo "2166"]
[BlackElo "2530"]
[PlyCount "57"]
[EventDate "2014.05.04"]
[EventType "swiss"]
[EventRounds "5"]
[EventCountry "SCO"]

1. d4 d5 2. Nf3 Nf6 3. c3 g6 4. Bf4 Bg7 5. e3 O-O 6. Nbd2 c6 7. Bd3 Nbd7 8. h3
Re8 9. Ne5 Nxe5 10. Bxe5 Nd7 11. Bxg7 Kxg7 12. f4 f6 13. f5 e5 14. O-O e4 15.
Be2 Nf8 16. g4 h5 17. Qe1 Nh7 18. fxg6 Kxg6 19. Qh4 Ng5 20. gxh5+ Kh6 21. Qf4
Kg7 22. Bg4 Rh8 23. Kh2 Rh6 24. h4 Nf7 25. Rg1 Kf8 26. Raf1 Qd6 27. Be2 Bf5 28.
Kh1 Qxf4 29. Rxf4 1/2-1/2

[Event "Ayrshire & Arran Chess Congress"]
[Site "Ayr"]
[Date "2014.05.25"]
[Round "4"]
[White "Edwards, Jonathan"]
[Black "Mannion, Stephen R"]
[Result "1/2-1/2"]
[WhiteElo "1994"]
[BlackElo "2370"]
[PlyCount "57"]
[EventDate "2014.05.04"]
[EventType "swiss"]
[EventRounds "5"]
[EventCountry "SCO"]

1. e4 e5 2. Nf3 Nc6 3. Bb5 a6 4. Ba4 Nf6 5. O-O Be7 6. Re1 b5 7. Bb3 d6 8. c3
O-O 9. h3 Na5 10. Bc2 c5 11. d4 Nd7 12. Nbd2 exd4 13. cxd4 Nc6 14. d5 Nce5 15.
a4 Rb8 16. axb5 axb5 17. Nxe5 Nxe5 18. f4 Ng6 19. Nf3 Bh4 20. Nxh4 Qxh4 21. Rf1
Bxh3 22. gxh3 Qg3+ 23. Kh1 Qxh3+ 24. Kg1 Qg3+ 25. Kh1 Nh4 26. Qe2 Qh3+ 27. Kg1
Qg3+ 28. Kh1 Qh3+ 29. Kg1 1/2-1/2

[Event "Ayrshire & Arran Chess Congress"]
[Site "Ayr"]
[Date "2014.05.25"]
[Round "4"]
[White "Brown, Steven A"]
[Black "Livingstone, Jonathan"]
[Result "1-0"]
[WhiteElo "1942"]
[BlackElo "1656"]
[PlyCount "127"]
[EventDate "2014.05.04"]
[EventType "swiss"]
[EventRounds "5"]
[EventCountry "SCO"]

1. d4 d5 2. c4 e6 3. Nf3 c5 4. cxd5 exd5 5. Nc3 Nf6 6. Bg5 Be6 7. g3 Nbd7 8.
Bg2 h6 9. Bd2 a6 10. O-O Bd6 11. a4 O-O 12. a5 b5 13. axb6 Qxb6 14. Na4 Qb7 15.
dxc5 Nxc5 16. Bc3 Nfe4 17. Nd4 Nxa4 18. Qxa4 Nxc3 19. bxc3 Be5 20. Nxe6 fxe6
21. Rab1 Qa7 22. c4 Rxf2 23. Rxf2 Rf8 24. Bf3 Bd4 25. Rbf1 e5 26. Qc6 dxc4 27.
Qxc4+ Kh8 28. e3 Bxe3 29. Kg2 Bxf2 30. Rxf2 a5 31. Rc2 Qe3 32. Qe4 Qb3 33. Rc7
a4 34. Rb7 Qa2+ 35. Kh3 Qe6+ 36. Qg4 Qf6 37. Be4 Qf1+ 38. Bg2 Qf6 39. Ra7 a3
40. Rxa3 Qe7 41. Rc3 Qf7 42. Rc8 Rxc8 43. Qxc8+ Kh7 44. Be4+ g6 45. Qb7 Kg7 46.
Kg4 Qxb7 47. Bxb7 Kf6 48. Be4 Kf7 49. h4 Kf6 50. h5 g5 51. Bf5 Ke7 52. Kf3 Kf6
53. Ke4 Kf7 54. Bg4 Kf6 55. Bh3 Ke7 56. Kf5 Kf7 57. Bg2 Kg7 58. Bd5 e4 59. Bxe4
Kf7 60. Bd5+ Kg7 61. Ke6 Kh8 62. Kf7 Kh7 63. Be4+ Kh8 64. Kg6 1-0

[Event "Ayrshire & Arran Chess Congress"]
[Site "Ayr"]
[Date "2014.05.25"]
[Round "4"]
[White "Dawson, Alasdair"]
[Black "Groves, Carey A"]
[Result "0-1"]
[WhiteElo "1784"]
[BlackElo "1930"]
[PlyCount "52"]
[EventDate "2014.05.04"]
[EventType "swiss"]
[EventRounds "5"]
[EventCountry "SCO"]

1. d4 Nf6 2. Nf3 g6 3. Nc3 Bg7 4. e4 d6 5. h3 c5 6. dxc5 Qa5 7. Bb5+ Bd7 8.
Bxd7+ Nbxd7 9. cxd6 Nxe4 10. O-O Nxc3 11. bxc3 e6 12. Rb1 b6 13. Bg5 O-O 14.
Be7 Rfc8 15. Qe2 Qxc3 16. Qb5 Qc6 17. Qg5 h6 18. Qh4 Qxc2 19. a4 Qa2 20. Rfd1
Rc4 21. Qg3 Qxa4 22. h4 Rac8 23. h5 Rg4 24. Qh3 g5 25. Rbc1 Rgc4 26. Rb1 g4 0-1

[Event "Ayrshire & Arran Chess Congress"]
[Site "Ayr"]
[Date "2014.05.25"]
[Round "4"]
[White "Grant, Alan G"]
[Black "Doyle, James"]
[Result "0-1"]
[WhiteElo "2122"]
[BlackElo "1906"]
[PlyCount "40"]
[EventDate "2014.05.04"]
[EventType "swiss"]
[EventRounds "5"]
[EventCountry "SCO"]

1. c4 Nf6 2. Nf3 g6 3. Nc3 Bg7 4. d4 O-O 5. Bg5 d6 6. e3 c6 7. Be2 Na6 8. O-O
Nc7 9. b4 h6 10. Bh4 g5 11. Bg3 Nh5 12. Nd2 Nxg3 13. hxg3 c5 14. bxc5 dxc5 15.
Nb3 cxd4 16. Nxd4 Ne6 17. Nxe6 Bxe6 18. Rc1 Qa5 19. Qb3 Rad8 20. Bf3 Rd3 0-1